000 00415 a2200121 4500
001 ART_34206
005 20260410161708.0
008 260409a
245 1 0 _aLa A.F.I.P. dispuso dos nuevos planes de facilidades de pago en reemplazo del R.A.F. y del R.A.F.A.
100 1 _aCarratalá, Juan Martín
700 1 _aAlbano, Horacio O.
773 0 _tRevista Impuestos
_g- Nº 24 (dic. 2005)
_wREV639
999 _c15817
_d15817